Central Library OPAC University of Rajshahi

The social problems of an industrial civilization / (Record no. 33904)

MARC details
000 -LEADER
fixed length control field 00881nam a2200253 i 4500
001 - CONTROL NUMBER
control field 33904
003 - CONTROL NUMBER IDENTIFIER
rucl marc code BD-RjUL
005 - DATE AND TIME OF LATEST TRANSACTION
control field 20211209052058.0
008 - FIXED-LENGTH DATA ELEMENTS--GENERAL INFORMATION
fixed length control field 140512s1945 maua b 00100 eng d
035 ## - SYSTEM CONTROL NUMBER
System control number (BD-RjUL)33996
040 ## - CATALOGING SOURCE
Original cataloging agency BD-RjUL
Language of cataloging eng
Transcribing agency BD-RjUL
041 ## - LANGUAGE CODE
Language code of text/sound track or separate title eng
082 ## - DEWEY DECIMAL CLASSIFICATION NUMBER
Classification number 306.3
Author mark and year MAS 1952
100 1# - MAIN ENTRY--PERSONAL NAME
Personal name Mayo, Elton,
Dates associated with a name 1880-1949.
9 (RLIN) 7657
245 14 - TITLE STATEMENT
Title The social problems of an industrial civilization /
Statement of responsibility, etc. Elton Mayo.
260 ## - PUBLICATION, DISTRIBUTION, ETC. (IMPRINT)
Place of publication, distribution, etc. Boston, Mass. :
Name of publisher, distributor, etc. Division of Research, Graduate School of Business Administration, Harvard University,
Date of publication, distribution, etc. 1945 [Impression 1952].
300 ## - PHYSICAL DESCRIPTION
Pagination xvii, 150p. :
Illustrations ill. ;
Size 21 cm.
504 ## - BIBLIOGRAPHY, ETC. NOTE
Bibliography, etc Includes bibliographical references and index.
650 #0 - SUBJECT ADDED ENTRY--TOPICAL TERM
Topical term or geographic name as entry element Industrial sociology.
9 (RLIN) 103012
Topical term or geographic name as entry element Social problems.
9 (RLIN) 103013
Topical term or geographic name as entry element Industrial relations.
9 (RLIN) 103014
Topical term or geographic name as entry element Teams in the workplace.
9 (RLIN) 47340
942 ## - ADDED ENTRY ELEMENTS (KOHA)
Source of classification or shelving scheme Dewey Decimal Classification
Koha item type Books
Holdings
Lost status Source of classification or shelving scheme Damaged status Not for loan Permanent Location Current Location Shelving location Date acquired Source of acquisition Cost, normal purchase price Total Checkouts Full call number Date last seen Copy number Koha item type Collection code
  Dewey Decimal Classification   Not For Loan Central Library, University of Rajshahi Central Library, University of Rajshahi Reading Room 21/09/1955 Blackwell 15.00   306.3 MAS 1952 12/05/2014 C-1 Books  
  Dewey Decimal Classification     Central Library, University of Rajshahi Central Library, University of Rajshahi   19/09/1970 Sweets & Zeitlinger 30.00   306.3 MAS 1966 15/05/2014 C-7 Books Non-fiction